000 00295nam a22001337a 4500
008 181204b xxu||||| |||| 00| 0 eng d
020 _a9780465081981
041 _aeng
080 _a521
100 _a42
101 _aAST
245 _aStephen Hawking's Universe
_cFilkin,D
942 _2udc
_cBK
999 _c52829
_d52829